Biblioteca

Section III : (Registro nro. 70479)

Detalles MARC
000 -LÍDER
Campo fijo de descripción fija 01187nab a2200241 i 4500
001 - NÚMERO DE CONTROL
Campo de control 768714001
003 - IDENTIFICADOR DEL NÚMERO DE CONTROL
Campo de control CO-MdFUSB
005 - FECHA Y HORA DE LA ULTIMA TRANSACCIÓN
control field 20260306160342.0
008 - ELEMENTOS DE LONGITUD FIJA -- INFORMACIÓN GENERAL
Campo fijo de descripción fija -- Información general 240710t1989 sz ||||| |||| 00| 0 eng d
040 ## - FUENTE DE CATALOGACIÓN
Idioma de catalogación spa
Agencia que realiza la transcripción CO-MdFUSB
Agencia que realiza la modificación CO-MdFUSB
041 ## - CÓDIGO DE IDIOMA
Código de idioma para texto/pista de sonido o título separado eng
100 ## - ASIENTO PRINCIPAL--NOMBRE PERSONAL
Nombre personal Schaeffer, Jill,
Término relacionador autor
245 ## - TÍTULO
Título Section III :
Subtitulo Covenanting for justice, peace and the integrity of creation
Mención de responsabilidad / Jill Schaeffer
520 ## - NOTA DE RESUMEN, ETC.
Nota de sumario, etc. Se anima a todas las iglesias que reconozcan a Jesucristo como Dios y Salvador. Construir una coalición que promueva la paz y la justicia. A través del Consejo Mundial de Iglesias, se sugiere organizar una reunión ecuménica especial donde todas las iglesias puedan demostrar su compromiso con la paz y la justicia.
546 ## - NOTA DE IDIOMA
Nota de idioma Texto en inglés.
650 #7 - ASIENTO SECUNDARIO DE MATERIA - TERMINO TEMÁTICO
Término temático o nombre geográfico como elemento de entrada Justicia social
Subdivisión general Aspectos religiosos
9 (RLIN) 6928
650 #7 - ASIENTO SECUNDARIO DE MATERIA - TERMINO TEMÁTICO
Término temático o nombre geográfico como elemento de entrada Paz
Subdivisión general Aspectos religiosos
-- Cristianismo
9 (RLIN) 2054
650 #0 - ASIENTO SECUNDARIO DE MATERIA - TERMINO TEMÁTICO
Término temático o nombre geográfico como elemento de entrada Reforma de la iglesia
9 (RLIN) 958
650 #7 - ASIENTO SECUNDARIO DE MATERIA - TERMINO TEMÁTICO
Término temático o nombre geográfico como elemento de entrada Creación
9 (RLIN) 251
773 0# - ASIENTO DE ITEM FUENTE
Biblionumber 49396
Itemnumber 82825
Lugar, editorial y fecha de publicación Ginebra
Otro identificador del ítem R2677
Título Reformed World
Número de control del registro (CO-MdFUSB)38
Número Internacional Normalizado para Publicaciones Seriadas (ISSN) 0034-3056
Parte(s) relacionada(s) / Volumen., número. (mes año), páginas Volumen 40, (número 5, 1989) páginas: 83 - 89
Enumeración y primera página página: 83
942 ## - TIPO DE MATERIAL (KOHA)
Tipo de Item KOHA Artículos de Revista
945 ## - INFORMACIÓN LOCAL DEL REGISTRO
Catalogador Catherine Arias Álvarez - Practicante SENA

No hay ítems disponibles.

Biblioteca FUSBC | Teléfono: (57+4) 349 88 10 Ext. 141| WhatsApp (+57) 3005338115 
E-mail: biblioteca@unisbc.edu.co | Calle 76 87-14 Robledo Palenque, Medellín, Colombia

Con tecnología Koha